La renaissance des sciences de la vie au XVIe siécle
Saved in:
| Hovedforfatter: | |
|---|---|
| Format: | Bog |
| Sprog: | fransk |
| Udgivet: |
París
Presses Universitaires de France
1951
|
| Serier: | Bibliothéque de Philosophie Contemporaine
|
| Fag: | |
| Tags: |
Tilføj Tag
Ingen Tags, Vær først til at tagge denne postø!
|
MARC
| LEADER | 00000nam a2200000 a 4500 | ||
|---|---|---|---|
| 001 | UCT1063 | ||
| 003 | CL-VaPUC | ||
| 008 | 960913e19510000FR |||||||||||||||||fre|d | ||
| 082 | 0 | 4 | |a 570 |b CAL |2 21 |
| 100 | 0 | |a Callot, Emile |e author |9 369782 | |
| 245 | 1 | 3 | |a La renaissance des sciences de la vie au XVIe siécle |
| 300 | |a 204 p | ||
| 942 | |c BK | ||
| 945 | |d 19960913 00:00:00 |a paguirre | ||
| 260 | |a París |b Presses Universitaires de France |c 1951 | ||
| 650 | 0 | |a Biología |9 262022 | |
| 650 | 0 | |a Ciencias de la vida |9 314137 | |
| 650 | 0 | |a Historia |9 255047 | |
| 650 | 0 | |a Anatomía |9 261202 | |
| 650 | 7 | |a FISIOLOGIA |2 CL-VaPUC |9 369783 | |
| 583 | |a last modification |c 19960913 00:00:00 |k Rodrigo Vera | ||
| 490 | 0 | |a Bibliothéque de Philosophie Contemporaine | |
| 999 | |c 251731 |d 251729 | ||